000 00367nam a2200133Ia 4500
005 20260328104303.0
008 260328s9999||||xx |||||||||||||| ||und||
100 _aPutnam, James
245 0 _aEgyptology :
_b An Introduction to the History, Art, and Culture of Ancient Egypt /
_cJames Putnam
260 _bQuantum
300 _a112 p.
650 _aARTE
942 _cBK
999 _c10666
_d10666